Stolice niemieckich landów - Statystyki

Ogólne statystyki
  • Ten quiz został rozwiązany 430 razy
  • Średni wynik to 6 z 13
Statystyki odpowiedzi
Nazwa landu stolica landu % Poprawnych
Bawaria Munich
96%
Brandeburgia Potsdam
65%
Saksonia Drezno
60%
Saarland Saarbrucken
43%
Szwlezwig holsztyn Kiel
42%
Dolna Saksonia Hanower
41%
Badenia-Wirtenbergia Stutgart
38%
Turyngia Erfurt
37%
Meklemburgia-Pomorze przednie Schwerin
37%
Saksonia Anhalt Magdeburg
33%
Hesja Wiesbaden
32%
Nadrenia-Palatynat Mainz
26%
Nadrenia północna Westfalia Dusendorf
12%
Nie znaleziono quizów pasujących do podanych kryteriów
Rozkład punktacji
Procent ludzi z każdym wynikiem
Percentyl według liczby udzielonych odpowiedzi
Twoja historia wyników
Nie rozwiązałeś tego quizu